logo

Bir Sreshtho Munshi Abdur Rouf Library
Jhenaidah Cadet College

Approach to Understanding / (Record no. 6941)

MARC details
000 -LEADER
fixed length control field 00518nam a2200205 a 4500
001 - CONTROL NUMBER
JCCL Control Number 6941
003 - CONTROL NUMBER IDENTIFIER
JCCL marc code BD-JhCC
005 - DATE AND TIME OF LATEST TRANSACTION
control field 20180201175135.0
008 - FIXED-LENGTH DATA ELEMENTS--GENERAL INFORMATION
fixed length control field 180201s1958 uk ||||| |||| 000 0 eng d
035 ## - SYSTEM CONTROL NUMBER
system control number (BD-JhCC)
040 ## - CATALOGING SOURCE
Original cataloging agency BD-JhCC
Modifying agency BD-JhCC
041 ## - LANGUAGE CODE
Language code of Book eng
082 ## - DEWEY DECIMAL CLASSIFICATION NUMBER
Classification number 428.6
Author mark and Year WAL 1958
100 ## - MAIN ENTRY--PERSONAL NAME
Personal name Walters, D. W.
245 ## - TITLE STATEMENT
Title Approach to Understanding /
Statement of responsibility, etc D. W. Walters
260 ## - PUBLICATION, DISTRIBUTION, ETC. (IMPRINT)
Place of publication, distribution, etc London:
Name of publisher, distributor, etc Collins Clear-Type Press;
Date of publication, distribution, etc 1958
300 ## - PHYSICAL DESCRIPTION
Pagination 192 p;,
Dimensions 16 cm
650 ## - SUBJECT ADDED ENTRY--TOPICAL TERM
Topical term or geographic name as entry element English language
942 ## - ADDED ENTRY ELEMENTS (KOHA)
Source of classification or shelving scheme Dewey Decimal Classification
Koha item type Books
Holdings
Source of classification or shelving scheme Damaged status Not for loan Home library Current library Shelving location Date of accession Total Checkouts Full call number Barcode Date last seen Copy number Koha item type
Dewey Decimal Classification     JCC Rouf Library JCC Rouf Library General Stacks 02/01/2018   428.6 WAL 1958 8744 02/01/2018 C-1 Books

JCC Library | Contacts | JCC Home

Last Update on 23 September 2017
Copyright @ 2017-2020 JCC Rouf Library
Rouf Library, Jhenidah Cadet College (JCC), Bangladesh